000 00886nam a22002897a 4500
003 CHAP
005 20230525112615.0
008 971013s1954 r 00010 d
010 _a37304
011 _a38276
035 _a42396
040 _cCHAP
082 _a311.2
_bO88
100 1 0 _aOstle, Bernard
_984273
245 _aStatistics in research ; basic concepts and techniques for research workers
260 _aAmes, Iowa :
_bState College,
_c1954
300 _a487 p.
590 _aBATCH-UPD
_b10
_c20130109
_lUCH01
_h2335
590 _aBATCH-UPD
_b10
_c20130110
_lUCH01
_h2105
590 _aBATCH-UPD
_b10
_c20130410
_lUCH01
_h1417
590 _aBATCH-UPD
_b10
_c20130914
_lUCH01
_h1324
590 _aCONVERSION
_b10
_c20130109
_lUCH01
_h1321
650 1 4 _aEstadística.
_938241
901 _aBK
942 _cLIBRO
949 _a311.2 O88
_bBC
_cLIBRO
_d33724000305264
_eLIBRO
_i42396
_si
999 _c37304
_d37304